<?xml version="1.0" encoding="UTF-8"?>
<collection xmlns="http://www.loc.gov/MARC21/slim">
 <record>
  <leader>02462aam a22003258a 4500</leader>
  <controlfield tag="001">NCT_14545</controlfield>
  <controlfield tag="008">141125s2004              ||||||viesd</controlfield>
  <datafield tag="999" ind1=" " ind2=" ">
   <subfield code="c">693</subfield>
   <subfield code="d">693</subfield>
  </datafield>
  <datafield tag="020" ind1=" " ind2=" ">
   <subfield code="c">40000</subfield>
  </datafield>
  <datafield tag="082" ind1="0" ind2="4">
   <subfield code="2">23rd ed.</subfield>
   <subfield code="a">330.075</subfield>
   <subfield code="b">L305</subfield>
  </datafield>
  <datafield tag="100" ind1="1" ind2=" ">
   <subfield code="a">Nguyễn Thị Ngọc Thanh</subfield>
   <subfield code="e">(chủ biên)</subfield>
  </datafield>
  <datafield tag="245" ind1="0" ind2="0">
   <subfield code="a">Bài tập kinh tế lượng :</subfield>
   <subfield code="b">Với sự trợ giúp của phần mềm Eviews</subfield>
   <subfield code="c">Nguyễn Thị Ngọc Thanh</subfield>
  </datafield>
  <datafield tag="260" ind1=" " ind2=" ">
   <subfield code="a">Tp.HCM</subfield>
   <subfield code="b">Nxb. Tp.HCM</subfield>
   <subfield code="c">2011</subfield>
  </datafield>
  <datafield tag="300" ind1=" " ind2=" ">
   <subfield code="a">240 tr.</subfield>
   <subfield code="b">Bảng</subfield>
   <subfield code="c">21cm</subfield>
  </datafield>
  <datafield tag="500" ind1=" " ind2=" ">
   <subfield code="a">Đầu TTS ghi: Trường Đại học kinh tế Tp.HCM. Khoa Toán Thống kê</subfield>
  </datafield>
  <datafield tag="653" ind1=" " ind2=" ">
   <subfield code="a">Khoa học cơ bản</subfield>
  </datafield>
  <datafield tag="700" ind1=" " ind2=" ">
   <subfield code="a">Hoàng Ngọc Nhậm</subfield>
  </datafield>
  <datafield tag="700" ind1=" " ind2=" ">
   <subfield code="a">Vũ Thị Bích Liên</subfield>
  </datafield>
  <datafield tag="942" ind1=" " ind2=" ">
   <subfield code="2">ddc</subfield>
   <subfield code="c">BK</subfield>
  </datafield>
  <datafield tag="952" ind1=" " ind2=" ">
   <subfield code="0">0</subfield>
   <subfield code="1">0</subfield>
   <subfield code="2">ddc</subfield>
   <subfield code="4">0</subfield>
   <subfield code="6">330_075000000000000_L305</subfield>
   <subfield code="7">0</subfield>
   <subfield code="9">5228</subfield>
   <subfield code="a">000001</subfield>
   <subfield code="b">000001</subfield>
   <subfield code="d">2017-12-02</subfield>
   <subfield code="o">330.075 L305</subfield>
   <subfield code="p">MD.03268</subfield>
   <subfield code="r">2017-12-02</subfield>
   <subfield code="v">40000.00</subfield>
   <subfield code="w">2017-12-02</subfield>
   <subfield code="y">BK</subfield>
  </datafield>
  <datafield tag="952" ind1=" " ind2=" ">
   <subfield code="0">0</subfield>
   <subfield code="1">0</subfield>
   <subfield code="2">ddc</subfield>
   <subfield code="4">0</subfield>
   <subfield code="6">330_075000000000000_L305</subfield>
   <subfield code="7">0</subfield>
   <subfield code="9">5229</subfield>
   <subfield code="a">000001</subfield>
   <subfield code="b">000001</subfield>
   <subfield code="d">2017-12-02</subfield>
   <subfield code="l">1</subfield>
   <subfield code="o">330.075 L305</subfield>
   <subfield code="p">MD.03269</subfield>
   <subfield code="r">2020-12-25</subfield>
   <subfield code="s">2020-12-11</subfield>
   <subfield code="v">40000.00</subfield>
   <subfield code="w">2017-12-02</subfield>
   <subfield code="y">BK</subfield>
  </datafield>
  <datafield tag="952" ind1=" " ind2=" ">
   <subfield code="0">0</subfield>
   <subfield code="1">0</subfield>
   <subfield code="2">ddc</subfield>
   <subfield code="4">0</subfield>
   <subfield code="6">330_075000000000000_L305</subfield>
   <subfield code="7">0</subfield>
   <subfield code="9">5230</subfield>
   <subfield code="a">000001</subfield>
   <subfield code="b">000001</subfield>
   <subfield code="d">2017-12-02</subfield>
   <subfield code="l">1</subfield>
   <subfield code="o">330.075 L305</subfield>
   <subfield code="p">MD.03270</subfield>
   <subfield code="r">2021-04-28</subfield>
   <subfield code="s">2021-04-27</subfield>
   <subfield code="v">40000.00</subfield>
   <subfield code="w">2017-12-02</subfield>
   <subfield code="y">BK</subfield>
  </datafield>
  <datafield tag="952" ind1=" " ind2=" ">
   <subfield code="0">0</subfield>
   <subfield code="1">0</subfield>
   <subfield code="2">ddc</subfield>
   <subfield code="4">0</subfield>
   <subfield code="6">330_075000000000000_L305</subfield>
   <subfield code="7">0</subfield>
   <subfield code="9">5231</subfield>
   <subfield code="a">000001</subfield>
   <subfield code="b">000001</subfield>
   <subfield code="d">2017-12-02</subfield>
   <subfield code="l">2</subfield>
   <subfield code="o">330.075 L305</subfield>
   <subfield code="p">MD.03271</subfield>
   <subfield code="r">2020-12-25</subfield>
   <subfield code="s">2020-12-11</subfield>
   <subfield code="v">40000.00</subfield>
   <subfield code="w">2017-12-02</subfield>
   <subfield code="y">BK</subfield>
  </datafield>
  <datafield tag="952" ind1=" " ind2=" ">
   <subfield code="0">0</subfield>
   <subfield code="1">0</subfield>
   <subfield code="2">ddc</subfield>
   <subfield code="4">0</subfield>
   <subfield code="6">330_075000000000000_L305</subfield>
   <subfield code="7">0</subfield>
   <subfield code="9">5232</subfield>
   <subfield code="a">000001</subfield>
   <subfield code="b">000001</subfield>
   <subfield code="d">2017-12-02</subfield>
   <subfield code="o">330.075 L305</subfield>
   <subfield code="p">MD.03272</subfield>
   <subfield code="r">2017-12-02</subfield>
   <subfield code="v">40000.00</subfield>
   <subfield code="w">2017-12-02</subfield>
   <subfield code="y">BK</subfield>
  </datafield>
  <datafield tag="952" ind1=" " ind2=" ">
   <subfield code="0">0</subfield>
   <subfield code="1">0</subfield>
   <subfield code="2">ddc</subfield>
   <subfield code="4">0</subfield>
   <subfield code="6">330_075000000000000_L305</subfield>
   <subfield code="7">0</subfield>
   <subfield code="9">5233</subfield>
   <subfield code="a">000001</subfield>
   <subfield code="b">000001</subfield>
   <subfield code="d">2017-12-02</subfield>
   <subfield code="l">3</subfield>
   <subfield code="o">330.075 L305</subfield>
   <subfield code="p">MD.03273</subfield>
   <subfield code="r">2021-05-05</subfield>
   <subfield code="s">2021-04-20</subfield>
   <subfield code="v">40000.00</subfield>
   <subfield code="w">2017-12-02</subfield>
   <subfield code="y">BK</subfield>
  </datafield>
  <datafield tag="952" ind1=" " ind2=" ">
   <subfield code="0">0</subfield>
   <subfield code="1">0</subfield>
   <subfield code="2">ddc</subfield>
   <subfield code="4">0</subfield>
   <subfield code="6">330_075000000000000_L305</subfield>
   <subfield code="7">0</subfield>
   <subfield code="9">5234</subfield>
   <subfield code="a">000001</subfield>
   <subfield code="b">000001</subfield>
   <subfield code="d">2017-12-02</subfield>
   <subfield code="l">1</subfield>
   <subfield code="o">330.075 L305</subfield>
   <subfield code="p">MD.03274</subfield>
   <subfield code="r">2021-01-29</subfield>
   <subfield code="s">2021-01-20</subfield>
   <subfield code="v">40000.00</subfield>
   <subfield code="w">2017-12-02</subfield>
   <subfield code="y">BK</subfield>
  </datafield>
  <datafield tag="952" ind1=" " ind2=" ">
   <subfield code="0">0</subfield>
   <subfield code="1">0</subfield>
   <subfield code="2">ddc</subfield>
   <subfield code="4">0</subfield>
   <subfield code="6">330_075000000000000_L305</subfield>
   <subfield code="7">0</subfield>
   <subfield code="9">5235</subfield>
   <subfield code="a">000001</subfield>
   <subfield code="b">000001</subfield>
   <subfield code="d">2017-12-02</subfield>
   <subfield code="l">2</subfield>
   <subfield code="m">1</subfield>
   <subfield code="o">330.075 L305</subfield>
   <subfield code="p">MD.03275</subfield>
   <subfield code="r">2021-04-28</subfield>
   <subfield code="s">2021-04-27</subfield>
   <subfield code="v">40000.00</subfield>
   <subfield code="w">2017-12-02</subfield>
   <subfield code="y">BK</subfield>
  </datafield>
  <datafield tag="952" ind1=" " ind2=" ">
   <subfield code="0">0</subfield>
   <subfield code="1">0</subfield>
   <subfield code="2">ddc</subfield>
   <subfield code="4">0</subfield>
   <subfield code="6">330_075000000000000_L305</subfield>
   <subfield code="7">0</subfield>
   <subfield code="9">5236</subfield>
   <subfield code="a">000001</subfield>
   <subfield code="b">000001</subfield>
   <subfield code="d">2017-12-02</subfield>
   <subfield code="l">2</subfield>
   <subfield code="o">330.075 L305</subfield>
   <subfield code="p">MD.03276</subfield>
   <subfield code="r">2020-12-25</subfield>
   <subfield code="s">2020-12-22</subfield>
   <subfield code="v">40000.00</subfield>
   <subfield code="w">2017-12-02</subfield>
   <subfield code="y">BK</subfield>
  </datafield>
  <datafield tag="952" ind1=" " ind2=" ">
   <subfield code="0">0</subfield>
   <subfield code="1">0</subfield>
   <subfield code="2">ddc</subfield>
   <subfield code="4">0</subfield>
   <subfield code="6">330_075000000000000_L305</subfield>
   <subfield code="7">0</subfield>
   <subfield code="9">5237</subfield>
   <subfield code="a">000001</subfield>
   <subfield code="b">000001</subfield>
   <subfield code="d">2017-12-02</subfield>
   <subfield code="l">4</subfield>
   <subfield code="o">330.075 L305</subfield>
   <subfield code="p">MD.03277</subfield>
   <subfield code="r">2021-04-28</subfield>
   <subfield code="s">2021-04-27</subfield>
   <subfield code="v">40000.00</subfield>
   <subfield code="w">2017-12-02</subfield>
   <subfield code="y">BK</subfield>
  </datafield>
  <datafield tag="980" ind1=" " ind2=" ">
   <subfield code="a">Thư viện Trường Đại học Nam Cần Thơ</subfield>
  </datafield>
 </record>
</collection>
